Fußball: Rekordnationalspieler Uruguay - Statistiken

Allgemein
  • Dieses Quiz wurde 60 mal gespielt
  • Das Durchschnittsergebnis liegt bei 5 aus 13
Antwortstatistiken
Debüt Spiele Tore Spieler % Korrekt
2007 138 68 Luis Suarez
98%
2008 136 58 Edinson Cavani
87%
2005 161 8 Diego Godín
79%
2002 112 36 Diego Forlan
66%
2013 84 8 José María Giménez
58%
2009 133 0 Fernando Muslera
53%
2003 110 11 Cristian Rodríguez
17%
2008 86 7 Alvaro Pereira
9%
2003 95 9 Diego Lugano
9%
2007 116 4 Martin Caceres
9%
2005 125 3 Maxi Pereira
9%
2001 89 2 Diego Perez
2%
2006 90 0 Egidio Arévalo Ríos
2%
Keine übereinstimmenden Quizze gefunden
Verteilung der Resultate
Anzahl Personen mit jedem Resultat
Perzentil nach korrekt beantworteten Fragen
Ihre Resultats-Entwicklung
Sie haben dieses Quiz noch nicht gespielt